|
|
|
|
| LEADER |
00000cam a2200000 a 4500 |
| 001 |
vtls001084504 |
| 003 |
SK-MaSNL |
| 005 |
20260301193712.0 |
| 008 |
250414s1986 xo a gr 0000p slo |
| 015 |
|
|
|a SNBA1986/12
|
| 020 |
|
|
|q (brož.)
|
| 035 |
|
|
|a SNK000027342
|
| 040 |
|
|
|a SNK
|b slo
|c SNK
|e AACR2
|
| 041 |
0 |
|
|a slo
|
| 044 |
|
|
|a xo
|c SK
|
| 072 |
|
7 |
|a 821.162.4-1
|x Slovenská poézia
|2 konspekt
|
| 080 |
|
|
|a 885.4-1=00
|2 1981
|
| 080 |
|
|
|a 821.162.4-1
|2 2011
|
| 100 |
1 |
|
|a Strážay, Štefan,
|d 1940-
|4 aut
|9 113041
|
| 245 |
1 |
0 |
|a Kováč
|c Štefan Strážay ; ilustrácie Naďa Rappensbergerová-Jankovičová
|
| 250 |
|
|
|a 1. vyd.
|
| 260 |
|
|
|a Bratislava
|b Lita
|c 1986
|e Martin
|f Tlačiarne SNP
|
| 300 |
|
|
|a 88 s.
|b ilustr.
|c 29 cm
|
| 490 |
1 |
|
|a Bibliofílie lita
|v zv. 6
|
| 504 |
|
|
|a Obsahuje bibliografiu
|
| 655 |
|
7 |
|a slovenská poézia
|2 SNKPH
|9 70444
|
| 700 |
1 |
|
|a Rappensbergerová-Jankovičová, Naďa,
|d 1936-
|4 ill
|9 113130
|
| 830 |
|
0 |
|a Bibliofílie lita
|9 284304
|
| 852 |
|
|
|a Slovenská národná knižnica
|
| 954 |
|
|
|a beletria pôvodná (slovenská)
|2 lita
|
| 958 |
|
|
|a OND
|
| 958 |
|
|
|a LX
|
| 958 |
|
|
|a TL
|
| 958 |
|
|
|a NB
|
| 999 |
|
|
|c 878613
|d 880543
|
| 952 |
|
|
|t P60, <04>, [BOOK], {604}
|a SNK
|b SNK
|y VYP
|7 0
|p 17A0142694
|o snkSB 41693 D1
|0 0
|1 0
|4 0
|d 1998-06-02
|l 0
|r 2004-12-31 00:00:00
|w 2026-02-24
|
| 952 |
|
|
|a SNK
|b SNK
|y PREZ
|7 0
|p 17A0823409
|o snkSB 41693
|0 0
|1 0
|4 0
|d 2012-05-14
|f 1
|l 0
|r 2025-04-30 00:00:00
|w 2026-02-24
|